[Event "ROM-ch U12"]
[Site "Calimanesti"]
[Date "2018.04.03"]
[Round "9"]
[White "Marginean, Bogdan Andrei"]
[Black "Antohi, Rares Nicusor"]
[Result "1-0"]
[WhiteElo "1415"]
[BlackElo "1239"]
[PlyCount "65"]
[EventDate "2018.03.27"]
[EventType "swiss"]
[EventRounds "9"]
[EventCountry "ROU"]
[SourceTitle "CBM 183 Extra"]
[Source "ChessBase"]
[SourceDate "2018.04.19"]
[SourceVersion "1"]
[SourceVersionDate "2018.04.19"]
[SourceQuality "1"]

1. f4 c5 2. Nf3 Nc6 3. g3 g6 4. Bg2 Bg7 5. 0-0 d6 6. c3 Nf6 7. d3 0-0 8. e4 Re8 9. Qc2 Bd7 10. Na3 Rb8 11. Bd2 b5 12. Kh1 a5 13. Rfe1 Qb6 14. Rab1 Rec8 15. c4 b4 16. Nb5 Na7 17. Nxa7 Qxa7 18. b3 a4 19. e5 Ne8 20. exd6 exd6 21. Ng5 Nf6 22. Ne4 Nxe4 23. Bxe4 axb3 24. axb3 Rb6 25. Bc1 Ra6 26. Re2 Rc7 27. Bb2 Bxb2 28. Qxb2 Qb8 29. Bd5 Bf5 30. Rbe1 Rc8 31. Qf6 Ra7 32. Re7 Rf8 33. Bxf7+ 1-0

[Event "ROM-ch U12"]
[Site "Calimanesti"]
[Date "2018.04.01"]
[Round "7"]
[White "Marginean, Bogdan Andrei"]
[Black "Sida, Flavius Ovidiu"]
[Result "1-0"]
[WhiteElo "1415"]
[BlackElo "1221"]
[PlyCount "109"]
[EventDate "2018.03.27"]
[EventType "swiss"]
[EventRounds "9"]
[EventCountry "ROU"]
[SourceTitle "CBM 183 Extra"]
[Source "ChessBase"]
[SourceDate "2018.04.19"]
[SourceVersion "1"]
[SourceVersionDate "2018.04.19"]
[SourceQuality "1"]

1. b3 d5 2. Bb2 Nc6 3. e3 Bf5 4. d3 Nf6 5. Nd2 e6 6. Ne2 Bd6 7. g3 Qe7 8. a3 h6 9. Bg2 0-0 10. h3 e5 11. b4 a6 12. g4 Bd7 13. c4 dxc4 14. dxc4 e4 15. c5 Be5 16. Bxe5 Qxe5 17. Ng3 a5 18. b5 Ne7 19. a4 Qxc5 20. Ngxe4 Nxe4 21. Nxe4 Qb4+ 22. Nd2 c6 23. Rb1 Qd6 24. 0-0 Be6 25. bxc6 bxc6 26. Ne4 Qxd1 27. Rfxd1 Rab8 28. Nc5 Bd5 29. Bxd5 Nxd5 30. Rbc1 Rfd8 31. Na6 Rb6 32. Nc5 Re8 33. Nd7 Rb7 34. Nc5 Rb6 35. Nd3 Nb4 36. Nf4 Re4 37. Rc5 Ra6 38. Rd4 Re7 39. Ne2 Rb7 40. Rd6 Rbb6 41. Nd4 Kf8 42. Re5 Rb8 43. Nf5 Nd5 44. Rexd5 cxd5 45. Rxa6 Rd8 46. Rxa5 Kg8 47. Ra7 Rf8 48. a5 Kh7 49. a6 Kg6 50. Rb7 Ra8 51. a7 Kf6 52. Nd4 Ke5 53. f4+ Kd6 54. Rb8 Rxb8 55. axb8Q+ 1-0

[Event "ROM-ch U12"]
[Site "Calimanesti"]
[Date "2018.03.29"]
[Round "3"]
[White "Alexandrou, Andreas Stefan"]
[Black "Marginean, Bogdan Andrei"]
[Result "0-1"]
[WhiteElo "1166"]
[BlackElo "1415"]
[PlyCount "112"]
[EventDate "2018.03.27"]
[EventType "swiss"]
[EventRounds "9"]
[EventCountry "ROU"]
[SourceTitle "CBM 183 Extra"]
[Source "ChessBase"]
[SourceDate "2018.04.19"]
[SourceVersion "1"]
[SourceVersionDate "2018.04.19"]
[SourceQuality "1"]

1. Nf3 b6 2. g3 Bb7 3. Bg2 Nf6 4. b3 g6 5. 0-0 Bg7 6. Bb2 d6 7. e3 Nbd7 8. d3 0-0 9. Nbd2 c5 10. d4 Qc7 11. c4 Ne4 12. h3 f5 13. Nxe4 Bxe4 14. Ng5 Qb7 15. Bxe4 fxe4 16. Ne6 Bh8 17. Nxf8 Rxf8 18. Rb1 Qc8 19. Qg4 Qb7 20. d5 Bxb2 21. Rxb2 Nf6 22. Qe2 Qd7 23. g4 h5 24. f3 exf3 25. Qxf3 hxg4 26. hxg4 Qxg4+ 27. Qxg4 Nxg4 28. Rxf8+ Kxf8 29. e4 Ne5 30. Kg2 Kg7 31. Kg3 Kh6 32. Rh2+ Kg7 33. Kf4 Kg8 34. Rg2 Kg7 35. Ke3 Kf6 36. a3 a6 37. Rc2 g5 38. Rf2+ Kg7 39. Rg2 Kg6 40. Rc2 Kf6 41. b4 Kg6 42. bxc5 dxc5 43. a4 a5 44. Kd2 g4 45. Kc3 Kg5 46. Rd2 g3 47. d6 exd6 48. Rxd6 g2 49. Rd1 Nf3 50. Kd3 g1Q 51. Rxg1+ Nxg1 52. Ke3 Nh3 53. Kf3 Nf4 54. Ke3 Ne6 55. Kf3 Kf6 56. Ke3 Ke5 0-1

[Event "ROM-ch U12"]
[Site "Calimanesti"]
[Date "2018.03.28"]
[Round "2"]
[White "Marginean, Bogdan Andrei"]
[Black "Pragai, Rares Alexandru"]
[Result "0-1"]
[WhiteElo "1415"]
[BlackElo "1616"]
[PlyCount "64"]
[EventDate "2018.03.27"]
[EventType "swiss"]
[EventRounds "9"]
[EventCountry "ROU"]
[SourceTitle "CBM 183 Extra"]
[Source "ChessBase"]
[SourceDate "2018.04.19"]
[SourceVersion "1"]
[SourceVersionDate "2018.04.19"]
[SourceQuality "1"]

1. e4 c5 2. Nf3 e6 3. c4 Be7 4. Nc3 Nc6 5. d4 cxd4 6. Nxd4 Nf6 7. a3 a6 8. Be3 Qc7 9. b4 b6 10. Be2 Bb7 11. Qc2 Rc8 12. f3 0-0 13. g4 d5 14. exd5 exd5 15. g5 Nxd4 16. Bxd4 Nh5 17. cxd5 Bxg5 18. Qf5 Bh4+ 19. Kd1 Nf4 20. Rg1 Ng6 21. h3 Rcd8 22. Bd3 Rd6 23. Qh5 Bf6 24. Bxf6 Rxf6 25. Ne4 Rf4 26. Ra2 Rh4 27. Qg5 f6 28. Qg2 Bxd5 29. Rd2 Rc8 30. Bc2 Qe5 31. Re1 Qa1+ 32. Ke2 Nf4+ 0-1

[Event "ROM-ch U12"]
[Site "Calimanesti"]
[Date "2018.03.27"]
[Round "1"]
[White "Bogdan, Radu Mihai"]
[Black "Marginean, Bogdan Andrei"]
[Result "0-1"]
[WhiteElo "1001"]
[BlackElo "1415"]
[PlyCount "47"]
[EventDate "2018.03.27"]
[EventType "swiss"]
[EventRounds "9"]
[EventCountry "ROU"]
[SourceTitle "CBM 183 Extra"]
[Source "ChessBase"]
[SourceDate "2018.04.19"]
[SourceVersion "1"]
[SourceVersionDate "2018.04.19"]
[SourceQuality "1"]

1. d4 f5 2. c4 Nf6 3. Bf4 d6 4. e3 g6 5. Nf3 Bg7 6. Nc3 0-0 7. Bd3 Kh8 8. 0-0 Qe8 9. e4 fxe4 10. Nxe4 Nxe4 11. Bxe4 Rxf4 12. Bc2 Nc6 13. d5 Nd4 14. Ng5 Nxc2 15. Qxc2 Bf5 16. Qd2 Rd4 17. Qe2 Bd3 18. Qe6 Bf6 19. Nf7+ Kg7 20. Rfe1 Bf5 21. Qe3 Qxf7 22. Rad1 Re4 23. Qg3 Rxe1+ 24. Rxe1 0-1

[Event "EU-ch U10 27th"]
[Site "Mamaia"]
[Date "2017.09.11"]
[Round "6"]
[White "Marginean, Bogdan Andrei"]
[Black "Viliusis, Neimantas"]
[Result "1-0"]
[WhiteElo "1385"]
[BlackElo "1211"]
[PlyCount "55"]
[EventDate "2017.09.05"]
[EventType "swiss"]
[EventRounds "9"]
[EventCountry "ROU"]
[SourceTitle "CBM 180 Extra"]
[Source "ChessBase"]
[SourceDate "2017.10.06"]
[SourceVersion "1"]
[SourceVersionDate "2017.10.06"]
[SourceQuality "1"]

1. e4 c6 2. Nf3 d5 3. Nc3 e6 4. d4 Nf6 5. e5 Nfd7 6. Bd3 c5 7. Ng5 Qb6 8. Qf3 f6 9. Qh5+ g6 10. Bxg6+ hxg6 11. Qxg6+ Kd8 12. Nf7+ Kc7 13. Nxh8 cxd4 14. Ne2 f5 15. Nf7 d3 16. cxd3 Bb4+ 17. Kf1 Bc5 18. Qg3 Nc6 19. a3 Qb3 20. f4 Qd1+ 21. Qe1 Qxd3 22. b4 Bd4 23. Ra2 Qc4 24. Rd2 Qb5 25. Rc2 a6 26. Qd1 Rb8 27. a4 Qxa4 28. Nxd4 1-0

[Event "EU-ch U10 27th"]
[Site "Mamaia"]
[Date "2017.09.07"]
[Round "3"]
[White "Prieb, Robert"]
[Black "Marginean, Bogdan Andrei"]
[Result "1/2-1/2"]
[WhiteElo "1742"]
[BlackElo "1385"]
[PlyCount "85"]
[EventDate "2017.09.05"]
[EventType "swiss"]
[EventRounds "9"]
[EventCountry "ROU"]
[SourceTitle "CBM 180 Extra"]
[Source "ChessBase"]
[SourceDate "2017.10.06"]
[SourceVersion "1"]
[SourceVersionDate "2017.10.06"]
[SourceQuality "1"]

1. d4 d5 2. c4 e5 3. dxe5 d4 4. a3 Nc6 5. Bf4 Nge7 6. Nf3 Ng6 7. e3 dxe3 8. Qxd8+ Kxd8 9. Bxe3 Ngxe5 10. Nxe5 Nxe5 11. Nc3 Be6 12. 0-0-0+ Kc8 13. c5 Bb3 14. Rd2 Nd7 15. c6 Nf6 16. Be2 a6 17. cxb7+ Kxb7 18. Bf3+ c6 19. Ne4 Nd5 20. Nc5+ Bxc5 21. Bxc5 Rae8 22. Rd3 Bc4 23. Rd4 Bb3 24. Kd2 a5 25. Re1 Rxe1 26. Kxe1 Re8+ 27. Re4 Rxe4+ 28. Bxe4 g6 29. Kd2 f5 30. Bc2 Bc4 31. g3 Nf6 32. Kc3 Bd5 33. h4 Be4 34. Bb3 Bd5 35. Bxd5 cxd5 36. f3 Nd7 37. Kd4 Kc6 38. b4 Nxc5 39. bxc5 a4 40. h5 gxh5 41. f4 h4 42. gxh4 h5 43. Ke5 1/2-1/2

[Event "EU-ch U10 27th"]
[Site "Mamaia"]
[Date "2017.09.06"]
[Round "2"]
[White "Marginean, Bogdan Andrei"]
[Black "Hejja, Adam Peter"]
[Result "1-0"]
[WhiteElo "1385"]
[BlackElo "1171"]
[PlyCount "75"]
[EventDate "2017.09.05"]
[EventType "swiss"]
[EventRounds "9"]
[EventCountry "ROU"]
[SourceTitle "CBM 180 Extra"]
[Source "ChessBase"]
[SourceDate "2017.10.06"]
[SourceVersion "1"]
[SourceVersionDate "2017.10.06"]
[SourceQuality "1"]

1. g3 g6 2. Bg2 Bg7 3. f4 e6 4. Nf3 d5 5. c3 Nc6 6. 0-0 Nge7 7. d3 0-0 8. Qc2 a6 9. Rd1 Bd7 10. e4 Qe8 11. Be3 f5 12. e5 Kh8 13. c4 Rg8 14. Nbd2 a5 15. a3 b6 16. Nb3 Rd8 17. Nbd4 Nxd4 18. Nxd4 c5 19. Nf3 d4 20. Bd2 Bh6 21. Rdb1 Nc6 22. b4 axb4 23. axb4 Qe7 24. b5 Nb8 25. Ra7 Rc8 26. Rb7 Qd8 27. Ra1 Rg7 28. Raa7 Be8 29. Rxg7 Bxg7 30. Ng5 Nd7 31. Nxe6 Qe7 32. Nxg7 Qxg7 33. Bc6 Qf8 34. Bxd7 Bxd7 35. Rxd7 Ra8 36. Rd6 Qb8 37. Be1 Ra1 38. Qe2 1-0

[Event "EU-ch U10 27th"]
[Site "Mamaia"]
[Date "2017.09.05"]
[Round "1"]
[White "Pidluznij, Gleb"]
[Black "Marginean, Bogdan Andrei"]
[Result "1-0"]
[WhiteElo "1824"]
[BlackElo "1385"]
[PlyCount "127"]
[EventDate "2017.09.05"]
[EventType "swiss"]
[EventRounds "9"]
[EventCountry "ROU"]
[SourceTitle "CBM 180 Extra"]
[Source "ChessBase"]
[SourceDate "2017.10.06"]
[SourceVersion "1"]
[SourceVersionDate "2017.10.06"]
[SourceQuality "1"]

1. e4 b6 2. d4 Bb7 3. f3 g6 4. Be3 Bg7 5. c3 e6 6. Bd3 Ne7 7. Ne2 d6 8. 0-0 Nd7 9. Nd2 c5 10. Rc1 0-0 11. a3 cxd4 12. cxd4 d5 13. e5 Nc6 14. Bb5 Rc8 15. Qa4 Ndb8 16. Rc3 a6 17. Bd3 b5 18. Qb3 Na5 19. Qc2 Nc4 20. Bf2 f6 21. exf6 Qxf6 22. Nb3 Nd7 23. Bxc4 dxc4 24. Nd2 Nb6 25. Ne4 Qe7 26. Qd2 Rcd8 27. Qg5 Qxg5 28. Nxg5 Bc8 29. Rd1 Bh6 30. h4 Bxg5 31. hxg5 Rf5 32. Rcc1 Nd5 33. Nc3 Rxg5 34. Bh4 Rf5 35. Bxd8 Ne3 36. Rb1 Nxd1 37. Rxd1 Rf8 38. Bc7 Rf7 39. Be5 Bb7 40. Ne4 Rf8 41. Rd2 h6 42. Nc3 Kh7 43. Kf2 g5 44. Ke3 Re8 45. Ne4 Rf8 46. Rf2 Bd5 47. f4 gxf4+ 48. Rxf4 Rxf4 49. Kxf4 Kg6 50. g4 a5 51. Nc3 Bc6 52. Bc7 b4 53. Nb1 c3 54. bxc3 bxc3 55. Nxc3 a4 56. Ke5 Kf7 57. Ne4 Ke7 58. Nc5 Bf3 59. Nxe6 Bxg4 60. d5 Bxe6 61. dxe6 h5 62. Bd6+ Kd8 63. Kf6 h4 64. Kf7 1-0

[Event "ROM-ch U10"]
[Site "Calimanesti Caciulata"]
[Date "2016.04.22"]
[Round "6"]
[White "Neghiu, Cristian Andrei"]
[Black "Marginean, Bogdan Andrei"]
[Result "1-0"]
[WhiteElo "1361"]
[BlackElo "1378"]
[PlyCount "63"]
[EventDate "2016.04.18"]
[EventType "swiss"]
[EventRounds "9"]
[EventCountry "ROU"]
[SourceTitle "CBM 172 Extra"]
[Source "ChessBase"]
[SourceDate "2016.06.21"]
[SourceVersion "1"]
[SourceVersionDate "2016.06.21"]
[SourceQuality "1"]

1. e4 d5 2. exd5 Qxd5 3. Nc3 Qd8 4. Be2 Nf6 5. Nf3 Bf5 6. h3 h6 7. d4 Nbd7 8. Bf4 e6 9. Nb5 Nd5 10. Bh2 a6 11. c4 axb5 12. cxd5 exd5 13. Bxb5 c6 14. Bd3 Bb4+ 15. Ke2 Qf6 16. a3 Be7 17. Re1 0-0 18. Kf1 Bxd3+ 19. Qxd3 Rfe8 20. Be5 Nxe5 21. Nxe5 Bd6 22. Qb3 Rab8 23. Nd7 Rxe1+ 24. Rxe1 Qd8 25. Nxb8 Qxb8 26. a4 b6 27. a5 b5 28. a6 Qa8 29. Ra1 Bb8 30. Qc2 Kf8 31. Re1 Bd6 32. a7 1-0

[Event "ROM-ch U10"]
[Site "Calimanesti Caciulata"]
[Date "2016.04.18"]
[Round "1"]
[White "Marginean, Bogdan Andrei"]
[Black "Veress, Armand"]
[Result "0-1"]
[WhiteElo "1378"]
[BlackElo "1540"]
[PlyCount "98"]
[EventDate "2016.04.18"]
[EventType "swiss"]
[EventRounds "9"]
[EventCountry "ROU"]
[SourceTitle "CBM 172 Extra"]
[Source "ChessBase"]
[SourceDate "2016.06.21"]
[SourceVersion "1"]
[SourceVersionDate "2016.06.21"]
[SourceQuality "1"]

1. e4 e5 2. Nf3 Nc6 3. d4 exd4 4. Nxd4 Nf6 5. Nxc6 bxc6 6. e5 Qe7 7. Bd3 Qxe5+ 8. Qe2 Qxe2+ 9. Bxe2 Bc5 10. Bg5 Ne4 11. Be3 Bxe3 12. fxe3 d5 13. 0-0 0-0 14. Rf4 Rb8 15. b3 Re8 16. Bh5 g6 17. Be2 Nd6 18. Rf3 Nf5 19. Nc3 Rxe3 20. Rd1 Rxf3 21. Bxf3 Ne3 22. Rd2 Bf5 23. Bd1 Nxd1 24. Nxd1 Re8 25. h3 Be4 26. Re2 Kf8 27. Nf2 Bf5 28. Rd2 Re1+ 29. Kh2 Ra1 30. a4 Ra2 31. g4 Rxc2 32. Rxc2 Bxc2 33. a5 Bxb3 34. Nd3 d4 35. a6 Bc4 36. Ne5 Bxa6 37. Nf3 d3 38. Kg2 Bb5 39. Kf2 a5 40. Ke1 Ke7 41. Kd2 c5 42. Ng5 a4 43. Ne4 c4 44. Kc3 Ke6 45. Ng5+ Kd5 46. Nf3 a3 47. Nd2 a2 48. Kb2 c3+ 49. Kxc3 a1Q+ 0-1

[Event "ROM-ch U08"]
[Site "Calimanesti"]
[Date "2015.04.05"]
[Round "8"]
[White "Marginean, Bogdan Andrei"]
[Black "Nechita, Bogdan Gabriel"]
[Result "0-1"]
[WhiteElo "1130"]
[BlackElo "1196"]
[PlyCount "70"]
[EventDate "2015.03.30"]
[EventType "swiss"]
[EventRounds "9"]
[EventCountry "ROU"]
[SourceTitle "CBM 165 Extra"]
[Source "ChessBase"]
[SourceDate "2015.04.21"]
[SourceVersion "1"]
[SourceVersionDate "2015.04.21"]
[SourceQuality "1"]

1. e4 e5 2. Nf3 Nc6 3. d4 exd4 4. Nxd4 Nf6 5. Nxc6 bxc6 6. e5 Qe7 7. Qe2 Nd5 8. c4 Ba6 9. g3 g6 10. b3 Bg7 11. Bg2 Qxe5 12. Qxe5+ Bxe5 13. cxd5 Bxa1 14. dxc6 Rd8 15. Bg5 Rb8 16. cxd7+ Kxd7 17. Bf1 Rbe8+ 18. Be3 Bxf1 19. Rxf1 Bd4 20. Kd2 Bxe3+ 21. fxe3 f5 22. Nc3 c6 23. a4 Rb8 24. Rb1 Rb7 25. Kc2 Re8 26. Kd2 Reb8 27. Kc2 a6 28. a5 Kd6 29. Rd1+ Ke7 30. Rb1 Ke6 31. Nd1 c5 32. Kc3 Rb5 33. Nf2 Rxa5 34. Kb2 Rab5 35. Kc2 c4 0-1